书目信息 |
| 题名: |
我国各省科技竞争力测度及提升策略研究
|
|
| 作者: | 尹凡 , 刘明 , 于欣 著 | |
| 分册: | ||
| 出版信息: | 长春 吉林人民出版社 2014.7 |
|
| 页数: | 275页 | |
| 开本: | 24cm | |
| 丛书名: | ||
| 单 册: | ||
| 中图分类: | G322.7 | |
| 科图分类: | ||
| 主题词: | 省--Sheng--科技竞争力--研究--中国 , 科技竞争力--Ke Ji Jing Zheng Li , 研究--Yan Jiu , 中国--Zhong Guo | |
| 电子资源: | ||
| ISBN: | 978-7-206-10703-0 | |
| 000 | 00985nam0 22002891 450 | |
| 001 | 350840 | |
| 005 | 20161012081705.25 | |
| 010 | @a978-7-206-10703-0@dCNY54.00 | |
| 100 | @a20140814d2014 em y0chiy0110 ea | |
| 101 | 0 | @achi |
| 102 | @aCN@b220000 | |
| 105 | @aak z 000yy | |
| 106 | @ar | |
| 200 | 1 | @a我国各省科技竞争力测度及提升策略研究@AWo Guo Ge Sheng Ke Ji Jing Zheng Li Ce Du Ji Ti Sheng Ce Lue Yan Jiu@f尹凡,刘明,于欣著 |
| 210 | @a长春@c吉林人民出版社@d2014.7 | |
| 215 | @a275页@c图@d24cm | |
| 330 | @a本书主要内容包括:科技竞争力概述、科技竞争力评价指标体系的建立、科技竞争力评价模型的构建及测度等。 | |
| 606 | 0 | @a省@ASheng@x科技竞争力@x研究@y中国 |
| 606 | 0 | @a科技竞争力@AKe Ji Jing Zheng Li |
| 606 | 0 | @a研究@AYan Jiu |
| 606 | 0 | @a中国@AZhong Guo |
| 690 | @aG322.7@v5 | |
| 701 | 0 | @a尹凡@AYin Fan@f(1983-)@4著 |
| 701 | 0 | @a刘明@ALiu Ming@f(1980-)@4著 |
| 701 | 0 | @a于欣@AYu Xin@4著 |
| 801 | 0 | @aCN@bTANGWEI@c20160808 |
| 905 | @b0892045-9@dG322.7@e40@f5 | |
| 我国各省科技竞争力测度及提升策略研究/尹凡,刘明,于欣著.-长春:吉林人民出版社,2014.7 |
| 275页:图;24cm |
| ISBN 978-7-206-10703-0:CNY54.00 |
| 本书主要内容包括:科技竞争力概述、科技竞争力评价指标体系的建立、科技竞争力评价模型的构建及测度等。 |
| ● |
| 相关链接 |
|
|
|
|
正题名:我国各省科技竞争力测度及提升策略研究
索取号:G322.7/40
 
预约/预借
| 序号 | 登录号 | 条形码 | 馆藏地/架位号 | 状态 | 备注 |
| 1 | 0892045 | 208920453 | 第一样本阅览室/ [索取号:G322.7/40] | 在馆 | |
| 2 | 0892046 | 208920462 | 第四借阅区/ [索取号:G322.7/40] | 在馆 | |
| 3 | 0892047 | 208920471 | 第四借阅区/ [索取号:G322.7/40] | 在馆 | |
| 4 | 0892048 | 208920480 | 第四借阅区/ [索取号:G322.7/40] | 在馆 | |
| 5 | 0892049 | 208920499 | 第四借阅区/ [索取号:G322.7/40] | 在馆 |